| 000 | 00349nam a22001337a 4500 | ||
|---|---|---|---|
| 008 | 150813t xxu||||| |||| 00| 0 eng d | ||
| 020 | _a978-81-8356-486-1 | ||
| 082 | _a574.1 | ||
| 100 |
_aLata Bhattacharya _91025 |
||
| 245 | _aBiological chemistry | ||
| 260 |
_aNew Delhi _bDiscovery publishing house pvt ltd _c2009 |
||
| 300 | _a341 | ||
| 942 |
_2ddc _cBK |
||
| 999 |
_c17295 _d17295 |
||